000 00651nam a2200217Ii 4500
003 JO-AjNU
008 230606s9999||||xx |||||||||||||| ||und||
020 _a0-412-37510-9
040 _aJO-AjNU
_beng
_erda
_cJO-AjNU
041 _aeng
050 1 4 _aHF5635 .B523 1991
100 3 _aBerry,Aidan/ Jarvis,Robin,
_eauthor
_93157
245 0 0 _aAccounting in a Business Context
250 _a1 ed
264 3 1 _aLondon: Chapman and Hall,1991
300 _a330p
_b Includes indexes(pages327-330)
336 _atext
_btxt
_2rdacontent
337 _aunmediated
_bn
_2rdamedia
338 _avolume
_bnc
_2rdacarrier
650 4 _aAccounting - Business
_93158
999 _aE1654
_c1654
_d1654